The heritage of the past : (Record no. 7478)
[ view plain ]
| 000 -LEADER | |
|---|---|
| fixed length control field | 00901cam a22002771 4500 |
| 001 - CONTROL NUMBER | |
| JCCL Control Number | 7478 |
| 003 - CONTROL NUMBER IDENTIFIER | |
| JCCL marc code | BD-JhCC |
| 005 - DATE AND TIME OF LATEST TRANSACTION | |
| control field | 20180211101638.0 |
| 008 - FIXED-LENGTH DATA ELEMENTS--GENERAL INFORMATION | |
| fixed length control field | 720828s1964 nyuabch b 000 0 eng |
| 035 ## - SYSTEM CONTROL NUMBER | |
| system control number | (BD-JhCC)7478 |
| 035 ## - SYSTEM CONTROL NUMBER | |
| system control number | (OCoLC)392350 |
| 040 ## - CATALOGING SOURCE | |
| Original cataloging agency | DLC |
| Transcribing agency | ODaWU |
| Modifying agency | OCoLC |
| -- | Uk |
| -- | DLC |
| -- | BD-JhCC |
| 041 ## - LANGUAGE CODE | |
| Language code of Book | eng |
| 050 00 - LIBRARY OF CONGRESS CALL NUMBER | |
| Classification number | D57 |
| Item number | .E37 1964 |
| 082 00 - DEWEY DECIMAL CLASSIFICATION NUMBER | |
| Classification number | 930 |
| Author mark and Year | ESA 1964 |
| 100 1# - MAIN ENTRY--PERSONAL NAME | |
| Personal name | Easton, Stewart C. |
| Fuller form of name | (Stewart Copinger), |
| Dates associated with a name | 1907-1989. |
| 245 14 - TITLE STATEMENT | |
| Title | The heritage of the past : |
| Remainder of title | from the earliest times to the close of the middle ages / |
| Statement of responsibility, etc | [by] Stewart C. Easton. |
| 250 ## - EDITION STATEMENT | |
| Edition statement | Rev. ed. |
| 260 ## - PUBLICATION, DISTRIBUTION, ETC. (IMPRINT) | |
| Place of publication, distribution, etc | New York, |
| Name of publisher, distributor, etc | Holt, Rinehart and Winston |
| Date of publication, distribution, etc | [1964] |
| 300 ## - PHYSICAL DESCRIPTION | |
| Pagination | xx, 795 p. |
| Other physical details | illus., facsims., maps (2 col. on lining papers) ports. |
| Dimensions | 26 cm. |
| 504 ## - BIBLIOGRAPHY, ETC. NOTE | |
| Bibliography, etc | Includes bibliographical references. |
| 650 #0 - SUBJECT ADDED ENTRY--TOPICAL TERM | |
| Topical term or geographic name as entry element | History, Ancient. |
| 650 #0 - SUBJECT ADDED ENTRY--TOPICAL TERM | |
| Topical term or geographic name as entry element | Middle Ages. |
| 942 ## - ADDED ENTRY ELEMENTS (KOHA) | |
| Source of classification or shelving scheme | Dewey Decimal Classification |
| Koha item type | Books |
| Source of classification or shelving scheme | Damaged status | Not for loan | Home library | Current library | Shelving location | Total Checkouts | Full call number | Barcode | Date last seen | Copy number | Koha item type |
|---|---|---|---|---|---|---|---|---|---|---|---|
| Dewey Decimal Classification | JCC Rouf Library | JCC Rouf Library | General Stacks | 930 ESA 1964 | 10085 | 02/10/2018 | C - 1 | Books |